000 01692ny a22003133n 4500
005 20240305165319.0
008 s2006 sp 001 0 spa c
020 _a9788497727853
035 _a1377
040 _aSpMaUCCP
_dvLex
080 _a323.2
090 _c605
_d605
245 0 3 _aLa participación ciudadana en grandes ciudades
_h[Recurso electrónico]
_cManuel Villoria, âAngel Iglesias Alonso, Leticia Delgado Godoy (coordinadores)
256 _aServicio en línea
260 _aMadrid :
_bDykinson,
_c2006
300 _ap. ;
_ccm
500 _aIncluye las ponencias presentadas en el Primer Congreso Internacional de Participación Ciudadana de Madrid, así como las comunicaciones aportadas en el Seminario Municipal "Participación Ciudadana, un Elemento de Modernización del Gobierno Loc
506 1 _aContenido solo disponible en los productos indicados
_dvLex Global
_dvLex Global (Academic Edition, excluding Law Schools)
_dvLex Global (U.S. Academic Edition, Law Schools)
_dvLex Global (U.S. Academic Edition, excluding Law Schools)
_dvLex Global (Academic Edition, Law Schools)
650 0 7 _aTributario
_2Tesauro vLex
650 0 7 _aParticipación ciudadana
_2Tesauro vLex
700 1 _aDelgado Godoy, Leticia,
_ecoord.
700 1 _aIglesias Alonso, Ángel,
_ecoord.
700 1 _aVilloria Mendieta, Manuel,
_ecoord.
711 2 _aCongreso Internacional de Participación Ciudadana de Madrid
_n(1ª.
_d2004)
711 2 _aSeminario Municipal "Participación Ciudadana, un Elemento de Modernización del Gobierno Local"
_n(1ª.
_d2004.
_c Madrid)
740 0 _avLex Libros (Servicios en línea)
856 4 0 _uhttps://app.vlex.com/#/sources/1377
942 _cRAA
999 _c159128
_d159128